[Event "NED-ch U14"]
[Site "Almelo"]
[Date "2023.05.03"]
[Round "5"]
[White "Zootjes, Aaron"]
[Black "De Wit, Evan"]
[Result "1/2-1/2"]
[WhiteElo "1172"]
[BlackElo "1563"]
[PlyCount "73"]
[EventDate "2023.04.30"]
[EventType "swiss"]
[EventRounds "9"]
[EventCountry "NED"]
[SourceTitle "CBM 214 Extra"]
[Source "ChessBase"]
[SourceDate "2023.07.31"]
[SourceVersion "1"]
[SourceVersionDate "2023.07.31"]
[SourceQuality "1"]

1. e4 c5 2. c3 Nf6 3. e5 Nd5 4. d4 e6 5. Nf3 Nc6 6. Bd3 Be7 7. 0-0 cxd4 8. cxd4 0-0 9. Bd2 h6 10. Nc3 Nxc3 11. Bxc3 d5 12. Qd2 Qb6 13. a3 Bd7 14. Rab1 a5 15. b4 axb4 16. axb4 Na7 17. b5 Qd8 18. Bb4 b6 19. Rfc1 Re8 20. h3 Qb8 21. Bxe7 Rxe7 22. Nh2 Qe8 23. Ng4 Qf8 24. Qe3 Ree8 25. Rc7 Red8 26. Qg3 Kh8 27. Qh4 Qa3 28. Bc2 Nxb5 29. Nxh6 Nxc7 30. Nxf7+ Kg8 31. Nxd8 Qc3 32. Qh7+ Kf8 33. Qh8+ Ke7 34. Qh4+ Kf8 35. Bg6 Qd2 36. Qh8+ Ke7 37. Qh4+ 1/2-1/2